00251nam a2200097Ia 4500008004100000100001900041245004900060260002700109300000900136650000800145191201s2012 xx 000 0 und d aLAUDON,Kenneth 0aEssentials of Management Information Systems aN.DelhibPearsonc2012 aMisc aMCA